000 00996nam a2200277 a 4500
001 BRL_1606
005 20190320211303.0
008 110414s1996----u--aob####---#000-0#eng-#
020 _a093074148
041 _aeng
044 _au
050 4 _aNK4031
_b.M85 1996
100 1 _aMulryan, Lenore Hoag
_927426
245 1 0 _aNagual in the garden
_bfantastic animals in mexican ceramics
_cLenore Hoag Mulryan.
260 _aLos Angeles, California
_bUCLA Fowler Museum of Cultural History
_c1996
300 _a155 p.
_bil., fotografías (a color), mapas
_c26 cm.
500 _aAu882
504 _aBibliografía: p. 149-153
600 1 4 _aWilmot, Jorge
_vExposiciones
_xColección de arte
_927427
650 1 4 _aCerámica mexicana
_vExposiciones
_91705
650 1 4 _aNahualismo en el arte
_vExposiciones
_927428
650 1 4 _aAnimales en el arte
_vExposiciones
_927429
710 2 _aUniversity of California, Los Angeles
_bFowler Museum of Cultural History
_927430
902 _aGRL
942 _2lcc
_cB
999 _c10415
_d10415